00989naa a2200181 i 45000010005000000030009000050050017000140080039000310400008000700800011000780800014000891000141001032450129002446550030003737000143004037000144005467730117006909570KOSZ 00520180430095645.0151130s2008 pl f |100 0 pol cBPK a681.58 a621.3.0371 aWAWRYN, Krzysztof.d1996 - .bPolitechnika Koszalińska - Wydział Elektroniki,cKatedra Systemów Cyfrowego Przetwarzania Sygnałów10aCurrent mode building blocks for 8-bit pipelined A/D converter /cKrzysztof Wawryn, Robert Suszyński, Bogdan Strzeszewski. 0aMateriały konferencyjne.1 aSUSZYŃSKI, Robert.d1996 - .bPolitechnika Koszalińska - Wydział Elektroniki,cKatedra Systemów Cyfrowego Przetwarzania Sygnałów1 aSTRZESZEWSKI, Bogdan.d1996 - .bPolitechnika Koszalińska - Wydział Elektroniki,cKatedra Systemów Cyfrowego Przetwarzania Sygnałów0 iW :tProceedings of International Conference on Signal, Circuits & Systems. -dHammamet (Tunisia), 2008. -gs. 4